Beszámoló a Szendrei János Matematikaversenyről

Elmentve itt :
Bibliográfiai részletek
Szerző: Vármonostory Endre
Dokumentumtípus: Cikk
Megjelent: 2011
Sorozat:Módszertani közlemények 51 No. 1
Kulcsszavak:Neveléstudomány
Online Access:http://acta.bibl.u-szeged.hu/29050
LEADER 00629nab a2200181 i 4500
001 acta29050
005 20210219135642.0
008 161017s2011 hu o 0|| hun d
022 |a 1219-0608 
040 |a SZTE Egyetemi Kiadványok Repozitórium  |b hun 
041 |a hun 
100 1 |a Vármonostory Endre 
245 1 0 |a Beszámoló a Szendrei János Matematikaversenyről  |h [elektronikus dokumentum] /  |c  Vármonostory Endre 
260 |c 2011 
300 |a 38-39 
490 0 |a Módszertani közlemények  |v 51 No. 1 
695 |a Neveléstudomány 
856 4 0 |u http://acta.bibl.u-szeged.hu/29050/1/modszertani_051_001_038-039.pdf  |z Dokumentum-elérés